00797cam a2200205 a 450000100100000000500170001000800410002704000300006808200160009810000390011424501130015326000470026630000260031370000330033973000370037291000360040904900090044595201200045499900170057400001923020200929165945.0500101s1954 nyua 000 0 eng d aDO-SdBNPcVARdEQOdBNPHU annnnbC319a1 aCarroll, Lewis,d1832-1898.94136210aAlice's adventures in Wonderland. Through the looking-glass /cLewis Carroll ; illustrations by Milo Winter. aNew York :bRand Mcnally & company,c1954. a239 :bill. ;c24 cm.1 aWinter, Milo,eillus.9413630 aThrough the looking-glass941364 aCatalogación derivada /Oxford aBNGR 001054708MOaGRbGRcCTd2010-05-28iLF1l0onnnn C319ap19230-10r2020-06-25w2020-06-25y4ZPréstamo en sala c18748d18748